Advanced engineering surveying (Record no. 87193)

MARC details
000 -LEADER
fixed length control field 00965cam a2200217 4500
001 - CONTROL NUMBER
control field ##D8682
008 - FIXED-LENGTH DATA ELEMENTS--GENERAL INFORMATION
fixed length control field 090401t1981 xxu||||| |||| 00| 0 eng d
035 ## - SYSTEM CONTROL NUMBER
System control number (Sirsi) u14581
041 0# - LANGUAGE CODE
Language code of text/sound track or separate title eng
050 04 - LIBRARY OF CONGRESS CALL NUMBER
Classification number 526.902462
100 1# - MAIN ENTRY--PERSONAL NAME
Personal name Shepherd, F. A.
245 00 - TITLE STATEMENT
Title Advanced engineering surveying
Remainder of title problems and solutions
260 ## - PUBLICATION, DISTRIBUTION, ETC.
Place of publication, distribution, etc. London
Name of publisher, distributor, etc. Edward Arnold
Date of publication, distribution, etc. 1981
300 ## - PHYSICAL DESCRIPTION
Extent ix, 276p.
Dimensions 24cm.
350 ## - PRICE (NR) (BK AM CF MU VM SE) [OBSOLETE]
Price 9.95
505 2# - FORMATTED CONTENTS NOTE
Formatted contents note Errors and their adjustment -- Orientation -- Control measurements -- Application of spherical trigonometry to engineering surveying -- Circular curves -- Transition curves -- Vertical curves
520 ## - SUMMARY, ETC.
Summary, etc. Complements "Engineering Surveying" (see D8687). Takes a practical approach to the application of the principles of engineering surveying, with particular attention to the effects and adjustment of errors.
690 ## - LOCAL SUBJECT ADDED ENTRY--TOPICAL TERM (OCLC, RLIN)
Topical term or geographic name as entry element ENVIRONMENTAL AND LAND CONSULTANCY-GEOMATICS-ENGINEERING SURVEYING
942 ## - ADDED ENTRY ELEMENTS (KOHA)
Suppress in OPAC 0
948 ## - LOCAL PROCESSING INFORMATION (OCLC); SERIES PART DESIGNATOR (RLIN)
c (OCLC) 04/03/1997
Holdings
Withdrawn status Lost status Source of classification or shelving scheme Damaged status Not for loan Home library Current library Shelving location Date acquired Cost, normal purchase price Total Checkouts Full call number Barcode Date last seen Date last checked out Copy number Cost, replacement price Price effective from Koha item type
    Dewey Decimal Classification     London London Basement 14/09/1999 9.95 4 SHELF 318 30016983 06/08/2019 26/10/2000 1 9.95 06/08/2019 Book
    Dewey Decimal Classification     London London Books 14/09/1999 9.95   SHELF 318 30016987 06/08/2019   2 9.95 06/08/2019 Book